000 00986nam a2200217Ia 4500
003 OSt
005 20260122193703.0
007 ca aa aaaaa
008 201103s9999 xx 000 0 und d
040 _cSSBUL
041 _abur
082 _a၂၉၄.၃၈၂၃
_bဓမ်
245 0 _aဓမ္မစကြာနှင့်အနတ္တလက္ခဏာသုတ်ပါဠိ-နိဿယမြန်မာပြန် /
_cစုစည်းတင်ပြသူယောဂီဥတ္တမ။
260 _aရန်ကုန် ၊
_bတိုင်းလင်းစာပေ၊
_c၂၀၀၀။
300 _aင၊ ၈၀ စာမျက်နှာ ၊
_c၂၆x ၁၈ စင်တီ။
500 _aS-SAT: Dr. Prof Sai Aung Tun
500 _a ရှေးဆရာတော်ကြီးများ၏ပြုစုထားခြင်းများကိုစုစည်းထားသည်။
942 _cBK1
942 _2ddc
942 _2ddc
999 _c16859
_d16859